[Event "TH-S-1429"]
[Site "IECC email"]
[Date "2022.03.01"]
[Round "?"]
[White "Djuric, Mirko"]
[Black "Petrovic, Dusan K"]
[Result "1-0"]
[WhiteElo "2853"]
[BlackElo "2152"]
[PlyCount "63"]
[EventDate "2022.??.??"]
[EventType "tourn (corr)"]
[SourceTitle "Corr 2024"]
[Source "ChessBase"]
[SourceDate "2023.10.19"]
[SourceVersion "1"]
[SourceVersionDate "2023.10.19"]
[SourceQuality "1"]
[WhiteTeam "Serbien"]
[BlackTeam "SCG"]
[WhiteTeamCountry "SRB"]

1. d4 d5 2. c4 Nc6 3. Nf3 e6 4. Nc3 Nf6 5. a3 Be7 6. Bf4 0-0 7. e3 Nh5 8. Be5 g6 9. h4 dxc4 10. Bxc4 Nxe5 11. dxe5 c5 12. Qc2 Qc7 13. g4 Ng7 14. 0-0-0 a6 15. h5 b5 16. hxg6 fxg6 17. Rxh7 Kxh7 18. Rh1+ Kg8 19. Nd5 exd5 20. Bxd5+ Be6 21. Bxe6+ Nxe6 22. Qxg6+ Ng7 23. e6 Bh4 24. Ng5 Rf6 25. Qh7+ Kf8 26. Qh8+ Ke7 27. Qxg7+ Kd6 28. Qxf6 Bxg5 29. Rd1+ Kc6 30. Qf3+ Kb6 31. Qxa8 Qe5 32. Qd5 1-0

[Event "IECC TH-M-3345"]
[Site "IECC email"]
[Date "2018.11.05"]
[Round "?"]
[White "Garau, Bernard"]
[Black "Petrovic, Dusan K"]
[Result "1-0"]
[WhiteElo "2208"]
[BlackElo "2157"]
[PlyCount "121"]
[EventDate "2018.??.??"]
[EventType "tourn (corr)"]
[SourceTitle "Corr 2024"]
[Source "ChessBase"]
[SourceDate "2023.10.19"]
[SourceVersion "1"]
[SourceVersionDate "2023.10.19"]
[SourceQuality "1"]
[WhiteTeam "Frankreich"]
[BlackTeam "SCG"]
[WhiteTeamCountry "FRA"]

1. e4 e5 2. Nf3 Nc6 3. Bb5 Nd4 4. Nxd4 exd4 5. 0-0 c6 6. Bc4 Nf6 7. d3 d6 8. Nd2 Be7 9. Nf3 Bg4 10. h3 Bxf3 11. Qxf3 0-0 12. a3 d5 13. exd5 Nxd5 14. Re1 Qd7 15. Bd2 Rae8 16. Bb3 Nf6 17. Re5 Bd8 18. Rf5 Re2 19. Qxe2 Qxf5 20. Re1 Qd7 21. Qe5 b6 22. Qf4 a5 23. Kf1 h6 24. Qg3 Bc7 25. Qf3 Re8 26. Rxe8+ Nxe8 27. h4 Nd6 28. Ke2 Bd8 29. g3 Nb7 30. Bf4 Nc5 31. Ba2 Ne6 32. Bd2 a4 33. Kf1 Bc7 34. Bb4 Bd6 35. Bd2 Bc7 36. Bc4 Nc5 37. Kg1 b5 38. Ba2 Na6 39. Qh5 Kf8 40. Kg2 Bd6 41. Qf3 Nc5 42. Qh5 Nb7 43. Qf3 Nc5 44. Kf1 Bc7 45. Bb4 Bd6 46. Ke2 Kg8 47. Kd1 Ne6 48. Ba5 Bc7 49. Bb4 Nd8 50. Qe4 Nb7 51. b3 axb3 52. Bxb3 Bb8 53. Ke2 c5 54. Bd2 Nd8 55. Qd5 Bd6 56. Kf3 Kf8 57. Bf4 Ke7 58. Qxd6+ Qxd6 59. Bxd6+ Kxd6 60. Ke4 f6 61. Kf5 1-0